A first course in modular forms

Gardado en:
Detalles Bibliográficos
Main Authors: Diamond, Fred (Author), Shurman, Jerry (Author)
Formato: Libro
Idioma:inglés
Publicado: New York, USA. Springer, 2005
Series:Graduate Texts in Mathematics, 228
Subjects:
Acceso en liña:Disponible Online
Tags: Engadir etiqueta
Sen Etiquetas, Sexa o primeiro en etiquetar este rexistro!

MARC

LEADER 00000cam a2200000 a 4500
001 UCF8117
003 CL-VaPUC
005 20211027192710.0
008 130802e20050000us |||||||||||||||||eng|d
999 |c 352772  |d 352770 
020 |a 038723229X 
040 |c Pontificia Universidad Católica de Valparaíso 
082 0 4 |a 512.73 DIA 2005  |2 21 
100 0 |a Diamond, Fred  |e author  |9 570187 
245 1 2 |a A first course in modular forms 
260 |a New York, USA.  |b Springer,  |c 2005 
300 |a 436 páginas 
490 0 |a Graduate Texts in Mathematics, 228 
583 |a last modification  |c 20130802 12:08:00  |k Rodrigo Vera 
650 0 |a Formas modulares  |2 CL-VaPUC  |9 425001 
650 0 |a Curvas algebraicas  |2 CL-VaPUC  |9 269895 
700 0 |a Shurman, Jerry  |e author  |9 570188 
856 |u http://bibliografiadigital.pucv.cl.pucv.idm.oclc.org/index.php/bibliotecapucv/catalog/book/818  |y Disponible Online 
942 |c BK  |2 ddc 
945 |d 20130802 12:08:00  |a cmena 
952 |0 0  |1 0  |4 0  |6 512_730000000000000_DIA_2005  |7 0  |8 A  |9 457430  |a BIBMAT  |b BIBMAT  |d 2019-11-22  |i 4992865  |o 512.73 DIA 2005  |p 4992865  |r 2025-01-07  |w 2019-11-22  |y BK  |k MAT 
952 |0 0  |1 0  |3 erd  |4 0  |6 512_730000000000000_DIA_2005  |7 0  |8 A  |9 457431  |a BIBMAT  |b BIBMAT  |d 2019-11-22  |i 5026008  |o 512.73 DIA 2005  |p 5026008  |r 2025-01-07  |w 2019-11-22  |y BK  |z Catalogado en:20131111  |k MAT